| 000 | 00389nam a2200169Ia 4500 | ||
|---|---|---|---|
| 008 | 210210b1953 xxu||||| |||| 00| 0 eng d | ||
| 041 | _aeng | ||
| 082 | _a829/227 | ||
| 100 | _aCRONIN (A J) | ||
| 245 | _aBeyond this place | ||
| 260 |
_aLondon _bVictor Gollancz Ltd., _c1953 |
||
| 650 | _athis | ||
| 650 | _aplace | ||
| 650 | _aBeyond | ||
| 690 | _aEnglish Fiction | ||
| 906 | _a016834 | ||
| 999 |
_c136530 _d136530 |
||